000 00642nam a2200265Ia 4500
005 20260121172253.0
008 008 260114s9999 xx 000 0 eng d
020 _a9783030633615
037 _aEBOOK
040 _aCRL
040 _beng
040 _cCRL
041 _2eng
041 _aeng
084 _qCRL
100 _aLuciano Maffi
_91086371
245 0 _aPrivate Bankers in the Italian 19th Century
260 _bSpringer
260 _bSpringer
260 _c2020
856 _uhttps://link.springer.com/openurl?genre=book&isbn=978-3-030-63361-5
942 _cEBOOK
999 _c1652108
_d1652108